[Event "La Pobla de Lillet op"]
[Site "La Pobla de Lillet"]
[Date "1997.??.??"]
[Round "5"]
[White "Marin, Mihail"]
[Black "Piera, Javier"]
[Result "1-0"]
[WhiteElo "2545"]
[BlackElo "2175"]

1.Nf3 Nf6 2.c4 g6 3.g3 Bg7 4.Bg2 O-O 5.O-O d6 6.Nc3 Nc6 7.d4 e5 8.d5 Ne7
9.e4 Ne8 10.Ne1 c5 11.Nd3 f5 12.f4 exf4 13.Bxf4 fxe4 14.Nxe4 Nf5 15.Qd2 b5
16.cxb5 Qb6 17.Ng5 c4+ 18.Nf2 Qxb5 19.Ne6 Bxb2 20.Rab1 c3 21.Qd3 Qxd3 22.Nxd3 Ba6
23.Nxb2 Bxf1 24.Rxf1 cxb2 25.Nxf8 Rb8 26.Be4 Nf6 27.Bd3 Rxf8 28.Rb1 Rb8 29.Bxf5 gxf5
30.Bxd6 Rb5 31.Be5 Nxd5 32.Rxb2 Ra5 33.Bd4 a6 34.Rc2 Ra4 35.Bc5 Kf7 36.a3 Ke6
37.Kg2 h5 38.Kh3 f4 39.Rf2 fxg3 40.hxg3 Ke5 41.Rf7 Ke6 42.Rh7 Nf6 43.Re7+ Kf5
44.Bd6 Kg6 45.Re6 Kf7 46.Re5 Kg6 47.Bb4 Nd7 48.Re6+ Kf5 49.Rh6 Nf6 50.Be7 Ng4
51.Rxh5+ Ke6 52.Bb4 Nf2+ 53.Kg2 Nd3 54.Bf8 Ne1+ 55.Kf2 Nc2 56.Rh4 Ra5 57.Re4+ Kd5
58.Rf4 Ke6 59.a4 Rf5 60.Rxf5 Kxf5 61.Kf3 Ne1+ 62.Ke2 Kg4 63.Kxe1 Kxg3 64.Kd2 Kf4
65.Kc3 Ke5 66.Kb4 Kd5 67.Ka5 Kc6 68.Kxa6 Kc7 69.Ka7 Kc8 70.a5 Kc7 71.a6 Kc8
72.Bd6  1-0

[Event "La Pobla de Lillet op"]
[Site "La Pobla de Lillet"]
[Date "1997.??.??"]
[Round "8"]
[White "Bautista, Joan"]
[Black "Oms Pallise, Josep"]
[Result "0-1"]
[WhiteElo "2200"]
[BlackElo "2450"]

1.c4 Nf6 2.Nf3 g6 3.g3 Bg7 4.Bg2 O-O 5.O-O d6 6.Nc3 Nc6 7.d3 e5 8.Bd2 h6
9.Ne1 Kh7 10.Nc2 Be6 11.Nd5 Qd7 12.Nce3 Nh5 13.Nc2 Nd8 14.e4 c6 15.Nde3 Bh3
16.Qe2 Bxg2 17.Kxg2 Ne6 18.Rae1 Nhf4+  0-1

[Event "Lazne Bohdanec-B"]
[Site "Lazne Bohdanec"]
[Date "1997.??.??"]
[Round "?"]
[White "Lipka, Juraj"]
[Black "Manik, Mikulas"]
[Result "0-1"]
[WhiteElo "2370"]
[BlackElo "2455"]

1.Nf3 Nf6 2.c4 g6 3.g3 Bg7 4.Bg2 O-O 5.O-O d6 6.d4 a6 7.Nc3 Nc6 8.d5 Na5
9.Nd2 c5 10.Qc2 Rb8 11.b3 b5 12.Bb2 bxc4 13.bxc4 Bh6 14.Ncb1 e6 15.Bc3 exd5
16.cxd5 Bd7 17.Na3 Re8 18.e4 Bb5 19.Rfe1 Ng4 20.f4 c4 21.Nf3 Nb7 22.h3 Nf6
23.Nd4 Bg7 24.Kh2 Qd7 25.Naxb5 axb5 26.Nc6 Ra8 27.Qb2 Nh5 28.Bxg7 Nxg7 29.Qxb5 Ra3
30.e5 dxe5 31.fxe5 Nh5 32.g4 Nf4 33.Qxc4 Nxg2 34.Kxg2 Rea8 35.d6 R8a4 36.Ne7+ Kg7
37.Qc6 Rxg4+ 38.hxg4 Qxg4+ 39.Kf2 Qf4+ 40.Ke2 Qh2+ 41.Kf1 Rg3  0-1

[Event "Lazne Bohdanec-B"]
[Site "Lazne Bohdanec"]
[Date "1997.??.??"]
[Round "?"]
[White "Pribyl, Josef"]
[Black "Karnik, Pavel"]
[Result "1/2-1/2"]
[WhiteElo "2445"]
[BlackElo "2275"]

1.c4 g6 2.Nf3 Bg7 3.g3 Nf6 4.Bg2 O-O 5.O-O c5 6.d4 d6 7.Nc3 Nc6 8.d5 Na5
9.Nd2 a6 10.Qc2 Rb8 11.b3 b5 12.Bb2 Bh6 13.f4 bxc4 14.bxc4 e5 15.Nd1 exf4
16.gxf4 Nh5 17.e3 Bf5 18.Qc1 Re8 19.Rf2  1/2-1/2

[Event "Lippstadt"]
[Site "Lippstadt"]
[Date "1997.??.??"]
[Round "10"]
[White "Schlosser, Philipp"]
[Black "Homann, Stefan"]
[Result "0-1"]
[WhiteElo "2550"]
[BlackElo "2250"]

1.Nf3 Nf6 2.c4 g6 3.g3 Bg7 4.Bg2 O-O 5.d4 d6 6.O-O Nbd7 7.Nc3 e5 8.e4 h6
9.Kh1 Nh7 10.d5 Ng5 11.Ng1 f5 12.exf5 gxf5 13.f4 exf4 14.gxf4 Nh7 15.Nge2 Nc5
16.Be3 Nf6 17.Bg1 Nfe4 18.Nxe4 Nxe4 19.Nd4 Bd7 20.Bxe4 fxe4 21.f5 Qh4 22.Ne6 Be5
23.Qc2 Kh8 24.Rae1 Rxf5 25.Rxe4 Qf6 26.Rxf5 Qxf5 27.Nxc7 Rg8 28.Qe2 Qg6 29.Bxa7 Bh3  0-1

[Event "London Agency"]
[Site "London"]
[Date "1997.??.??"]
[Round "6"]
[White "Richardson, John R"]
[Black "Kachiani Gersinska, Ketino"]
[Result "1/2-1/2"]
[WhiteElo "2360"]
[BlackElo "2375"]

1.Nf3 Nf6 2.c4 g6 3.g3 Bg7 4.Bg2 O-O 5.O-O d6 6.Nc3 a6 7.d4 Nc6 8.h3 Bd7
9.e4 e5 10.Be3 exd4 11.Nxd4 Re8 12.Nde2 Qc8 13.Kh2 Ne5 14.b3 b5 15.c5 b4
16.Na4 Nfg4+ 17.hxg4 Nxg4+ 18.Kg1 Nxe3 19.fxe3 Bxa1 20.Qxa1 Bxa4 21.bxa4 Re5
22.Nf4 Qg4 23.Rf3 Rxc5 24.Nd5 Qe6 25.Nf6+ Kh8 26.g4 Qe5 27.Qf1 Qb2 28.Rh3 h5
29.Qf3 Kg7 30.gxh5 Rh8 31.h6+ Rxh6 32.Ne8+ Kf8 33.Rxh6 Kxe8 34.e5 Qa1+ 35.Bf1 Qxe5
36.Rh4 Kf8 37.Rxb4 Rc1 38.Rf4 Qg5+ 39.Rg4 Qh5 40.Rf4 Qg5+ 41.Rg4 Qh5 42.Qf4 Qh3
43.Rg2 Re1 44.Rf2 Qe6 45.Rf3 Ra1 46.Qd4  1/2-1/2

[Event "Manresa op"]
[Site "Manresa"]
[Date "1997.??.??"]
[Round "5"]
[White "Spassov, Liuben"]
[Black "Baches Garcia, Guillermo"]
[Result "1-0"]
[WhiteElo "2425"]
[BlackElo "2235"]

1.Nf3 Nf6 2.c4 g6 3.g3 Bg7 4.Bg2 O-O 5.O-O d6 6.d4 Nbd7 7.Nc3 e5 8.e4 c6
9.b3 exd4 10.Nxd4 Re8 11.h3 a5 12.Re1 Nc5 13.Rb1 Nfd7 14.Be3 Qb6 15.Qc2 h5
16.Red1 Qb4 17.Ncb5 cxb5 18.Nxb5 Ne6 19.a3 Qc5 20.Bxc5 dxc5 21.f4 Nd4 22.Rxd4 Bxd4+
23.Nxd4 cxd4 24.Qd3 Nb8 25.Qxd4 Nc6 26.Qf6 Rd8 27.f5  1-0

[Event "CRO-chT"]
[Site "Medulin"]
[Date "1997.??.??"]
[Round "?"]
[White "Petrov, Jole"]
[Black "Sale, Srdjan"]
[Result "1-0"]
[WhiteElo "2365"]
[BlackElo "2425"]

1.Nf3 Nf6 2.c4 g6 3.g3 Bg7 4.Bg2 O-O 5.d4 d6 6.O-O Nc6 7.Nc3 a6 8.b3 Bf5
9.Bb2 Qd7 10.Re1 Bh3 11.Bh1 h6 12.e4 Rad8 13.Qd2 e5 14.Nd5 Nh5 15.Re3 Rfe8
16.dxe5 dxe5 17.Rd3 Qc8 18.Rd1 Kh7 19.b4 Nf4 20.Nxf4 exf4 21.Bxg7 Rxd3 22.Qxd3 Kxg7
23.Qc3+ Kg8 24.b5 Rd8 25.Rd2 axb5 26.cxb5 Na7 27.a4 b6 28.Bg2 Bxg2 29.Kxg2 fxg3
30.hxg3 Rxd2 31.Qxd2 Qa8 32.Qf4 c5 33.Qc7 Nc8 34.Kh2 Kf8 35.Ne5 Ne7 36.Nc6 Nc8
37.e5 c4 38.a5 bxa5 39.b6 Nxb6 40.Qxb6 a4 41.Qc5+ Kg7 42.Qxc4 a3 43.Nb4 Qa4
44.Qc3 a2 45.e6+ Kf8 46.Qf6  1-0

[Event "CRO-chT"]
[Site "Medulin"]
[Date "1997.??.??"]
[Round "?"]
[White "Cvitan, Ognjen"]
[Black "Fercec, Nenad"]
[Result "1-0"]
[WhiteElo "2550"]
[BlackElo "2430"]

1.Nf3 Nf6 2.g3 g6 3.c4 Bg7 4.Bg2 O-O 5.O-O d6 6.d4 Nbd7 7.Nc3 e5 8.e4 exd4
9.Nxd4 Re8 10.h3 a6 11.Re1 Rb8 12.Rb1 Ne5 13.b3 c5 14.Nc2 b5 15.f4 Ned7 16.cxb5 axb5
17.b4 Nh5 18.Ne2 Bb7 19.g4 Nhf6 20.Ng3 cxb4 21.Rxb4 Qa5 22.a3 Rbc8 23.Bb2 Nc5
24.Re3 d5 25.exd5 Red8 26.Qa1 Ne8 27.Rxe8+ Rxe8 28.Bxg7 Nd3 29.Bh6 Qb6+ 30.Qd4 Qxd4+
31.Rxd4 Rxc2 32.Rxd3 f5 33.gxf5 Rc1+ 34.Nf1 gxf5 35.Rg3+  1-0

[Event "CRO-chT"]
[Site "Medulin"]
[Date "1997.??.??"]
[Round "?"]
[White "Kiss, Attila"]
[Black "Muse, Mladen"]
[Result "1/2-1/2"]
[WhiteElo "2425"]
[BlackElo "2445"]

1.Nf3 Nf6 2.c4 g6 3.g3 Bg7 4.Bg2 O-O 5.O-O d6 6.d4 c6 7.b3 e5 8.dxe5 dxe5
9.Ba3 Re8 10.Qxd8 Rxd8 11.Nc3 Re8 12.Rad1 Bf5 13.Ng5 h6 14.Nge4 Nxe4 15.Nxe4 Bxe4
16.Bxe4 a5 17.g4 Na6 18.Rd2 Bf8 19.Bxf8 Kxf8 20.Rfd1 Nc5 21.Bc2 Ke7 22.e3 Red8
23.Kf1 Rxd2 24.Rxd2 Rd8 25.Rxd8 Kxd8 26.Ke2 Ke7 27.h4 g5 28.hxg5 hxg5 29.f3 Kd6
30.Kd2 e4 31.f4 Ne6 32.Bxe4 gxf4 33.exf4 Nxf4 34.Ke3 Ke5 35.a3 Ne6 36.b4 axb4
37.axb4 f6 38.Bg2 Nc7 39.Bf3 Ne6 40.Be4 Nd4 41.c5 Ne6 42.Bf5 Nc7 43.Bc8 Nd5+
44.Kf3 Nxb4 45.Bxb7 Nc2 46.Kg3 Nd4 47.Kh4 Kd5 48.Kh5 Nf3 49.Bxc6+ Kxc6 50.Kg6 Ne5+
51.Kxf6 Nxg4+  1/2-1/2

[Event "Mehlingen op"]
[Site "Mehlingen"]
[Date "1997.??.??"]
[Round "2"]
[White "Lang, B."]
[Black "Duebon, Pierre"]
[Result "1-0"]
[WhiteElo "2045"]
[BlackElo "1830"]

1.Nf3 Nf6 2.c4 g6 3.g3 Bg7 4.Bg2 O-O 5.Nc3 d6 6.d4 Nbd7 7.O-O e5 8.e4 c6
9.h3 Re8 10.Be3 Qc7 11.Qc2 b6 12.Rad1 Bb7 13.Rd2 Rad8 14.Rfd1 exd4 15.Nxd4 a5
16.b3 Nc5 17.a3 Qe7 18.e5 dxe5 19.Nxc6 Bxc6 20.Bxc6 Rxd2 21.Rxd2 Rc8 22.Bg2 h6
23.Qd1 Bf8 24.Nd5 Nxd5 25.Bxd5 Kh7 26.h4 f5 27.h5 g5 28.b4 axb4 29.axb4 f4
30.Bxc5 bxc5 31.Be4+ Kh8 32.Rd7  1-0

[Event "Mehlingen op"]
[Site "Mehlingen"]
[Date "1997.??.??"]
[Round "5"]
[White "Hirschinger, Thomas"]
[Black "Osieka, Udo"]
[Result "1/2-1/2"]
[WhiteElo "2080"]
[BlackElo "2305"]

1.Nf3 Nf6 2.c4 g6 3.g3 Bg7 4.Bg2 O-O 5.O-O d5 6.cxd5 Nxd5 7.Nc3 Nc6 8.a3 Re8
9.Qc2 a5 10.d3 e5 11.Bd2 Nde7 12.Rac1 h6 13.Rfd1 Be6 14.e3 Qd7 15.d4 exd4
16.exd4 Bg4 17.Be3 Nf5 18.d5 Ne5 19.Nxe5 Rxe5 20.Re1 Rae8 21.Bd2 Nd4 22.Qd3 Bf5
23.Ne4 Qe7 24.Qxd4 Rxe4 25.Rxe4  1/2-1/2

[Event "Carlos Torre mem op"]
[Site "Merida"]
[Date "1997.??.??"]
[Round "1"]
[White "Nogueiras, Jesus"]
[Black "Porras Rodriguez, Miriam"]
[Result "1-0"]
[WhiteElo "2535"]
[BlackElo "2030"]

1.Nf3 Nf6 2.c4 g6 3.g3 Bg7 4.Bg2 O-O 5.O-O d6 6.Nc3 Nc6 7.d3 e5 8.Rb1 a5
9.a3 h6 10.b4 Be6 11.Nd2 axb4 12.axb4 Qc8 13.Re1 Rd8 14.Nd5 Kh7 15.e3 Re8
16.b5 Ne7 17.Nxf6+ Bxf6 18.Qf3 Bg7 19.Qxb7 Qxb7 20.Bxb7 Rab8 21.Bg2 Bf5 22.Ne4 Ng8
23.Bd2 Nf6 24.Ra1 Nxe4 25.Bxe4 Bxe4 26.dxe4 Rb7 27.Ra6 Reb8 28.Rea1 Bf6 29.Ra7 Kg7
30.Rxb7 Rxb7 31.Ra8  1-0

[Event "Metz op"]
[Site "Metz"]
[Date "1997.??.??"]
[Round "9"]
[White "Shpilker, Boris"]
[Black "Ristic, Nenad"]
[Result "1-0"]
[WhiteElo "2370"]
[BlackElo "2475"]

1.Nf3 Nf6 2.g3 g6 3.Bg2 Bg7 4.c4 O-O 5.O-O c5 6.d4 cxd4 7.Nxd4 Nc6 8.Nc3 Ng4
9.Nc2 d6 10.Bd2 Bd7 11.Rc1 a6 12.Ne3 Rb8 13.b3 Nxe3 14.Bxe3 Qa5 15.Qd2 Rfd8
16.Rfd1 Kf8 17.Nd5 Qxd2 18.Rxd2 e6 19.Nc3 Bxc3 20.Rxc3 Ke7 21.Bb6 Rdc8 22.Rcd3 d5
23.Bc5+ Ke8 24.cxd5 Ne7 25.Bd6 Rc1+ 26.Rd1 Rbc8 27.dxe6 Bb5 28.Ba3 R1c7 29.exf7+ Kxf7
30.R3d2 Rc2 31.Bxb7 Bxe2 32.Bxc8 Bxd1 33.Rxc2 Bxc2 34.Bxa6  1-0

[Event "Mondariz op"]
[Site "Mondariz"]
[Date "1997.??.??"]
[Round "?"]
[White "Diaz Nunez, Adolfo"]
[Black "Miguel, Victor"]
[Result "1/2-1/2"]
[WhiteElo "2145"]
[BlackElo "2285"]

1.Nf3 Nf6 2.c4 g6 3.g3 Bg7 4.Bg2 O-O 5.O-O d6 6.d4 Nbd7 7.Nc3 e5 8.e4 c6
9.h3 exd4 10.Nxd4 Qb6 11.Re1 Ne8 12.Nc2 Ne5 13.Be3 Qc7 14.Qe2 Be6 15.Na3 Qa5
16.f4 Nd7 17.Rac1 Nb6 18.g4 Qb4 19.Bf1 f5 20.exf5 gxf5 21.Nc2 Qxb2 22.Nd1 Bxc4
23.Qxc4+ Nxc4 24.Bxc4+ d5 25.Nxb2 Bxb2 26.Rb1 Bc3 27.Bd3 Bxe1 28.Nxe1 b6
29.Bxf5 Ng7 30.Bc2 Rae8 31.Kf2 Re7 32.Nf3 c5 33.Re1 d4 34.Bd2 Rxe1 35.Kxe1 b5
36.Ng5 h6 37.Ne4 c4 38.f5 d3 39.Bd1 Nxf5 40.gxf5 Rxf5 41.Bg4 Re5 42.Bf3 Re6
43.a3 Kf7 44.Kf2 a6 45.Ke3 Kg6 46.Bg4 Re8 47.Bb4 Ra8 48.Ba5 Rf8 49.Bf3 Re8
50.Kd4 Rf8 51.Ke3 Re8 52.Bc3 Re7 53.Bb4 Ra7 54.Ba5 Re7 55.Kf4 Rf7+ 56.Ke3 Re7
57.Bg4 Rf7 58.Bf3 Re7  1/2-1/2

[Event "Moravia-chT 9697"]
[Site "?"]
[Date "1997.??.??"]
[Round "?"]
[White "Jurka, Miroslav"]
[Black "Misiuga, Andrzej"]
[Result "1-0"]
[WhiteElo "2345"]
[BlackElo "2225"]

1.Nf3 Nf6 2.c4 g6 3.g3 Bg7 4.Bg2 O-O 5.d4 d5 6.cxd5 Nxd5 7.O-O Nc6 8.Nc3 Nb6
9.d5 Na5 10.Qc2 e6 11.dxe6 Bxe6 12.Bg5 Qc8 13.Rfd1 a6 14.Rac1 Nac4 15.b3 Na3
16.Qd2 Nb5 17.Ne4 f6 18.Bh6 Qd7 19.Qxd7 Bxd7 20.Bxg7 Kxg7 21.a4 Bf5 22.Nc5 Nd6
23.Nd4  1-0

[Event "Moscow-ch"]
[Site "Moscow"]
[Date "1997.??.??"]
[Round "5"]
[White "Frumson, Yury"]
[Black "Saulin, Dmitri"]
[Result "0-1"]
[WhiteElo "2275"]
[BlackElo "2375"]

1.Nf3 Nf6 2.c4 g6 3.g3 Bg7 4.Bg2 O-O 5.O-O d6 6.d4 Nc6 7.h3 e5 8.Nc3 Bf5
9.d5 Na5 10.Nd2 c5 11.e4 Bd7 12.Kh2 a6 13.a3 b5 14.cxb5 axb5 15.b4 Nb7 16.Rb1 Ne8
17.Qe2 f5 18.Nxb5 f4 19.gxf4 exf4 20.Bb2 Bh6 21.e5 f3 22.Nxf3 Rxf3 23.Bxf3 Bf4+
24.Kg2 Qg5+ 25.Bg4 h5 26.e6 Bxb5 27.Qxb5 hxg4 28.Qxb7 gxh3+ 29.Kf3 Be5 30.Qf7+ Kh8
31.Bxe5+ dxe5 32.Ra1 Nd6 33.Qd7 Qf4+ 34.Ke2 Qc4+ 35.Ke3 Qe4+ 36.Kd2 Nc4+
37.Kc3 Qd4+ 38.Kc2 Qd2+  0-1

[Event "Moscow-B"]
[Site "Moscow"]
[Date "1997.??.??"]
[Round "9"]
[White "Gromadin, Gleb"]
[Black "Hait, Alexander"]
[Result "1-0"]
[WhiteElo "2190"]
[BlackElo "2370"]

1.c4 g6 2.Nf3 Bg7 3.g3 Nf6 4.Bg2 O-O 5.O-O d6 6.d4 Nbd7 7.Nc3 e5 8.e4 exd4
9.Nxd4 Re8 10.Re1 a6 11.b3 Ng4 12.Bb2 Nc5 13.f4 f5 14.Qd2 c6 15.exf5 Rxe1+
16.Rxe1 Bxf5 17.Nxf5 gxf5 18.b4 Qb6 19.Nd5 cxd5 20.Bxd5+ Kf8 21.Bxg7+ Kxg7
22.Qd4+ Kg6 23.Re6+ Kh5 24.Rxd6 Qxd6 25.Bf7+ Qg6 26.Bxg6+ Kxg6 27.Qxc5 Nf6
28.Qb6  1-0

[Event "NRW-Cup Masters op"]
[Site "Muenster"]
[Date "1997.??.??"]
[Round "2"]
[White "Lingnau, Carsten"]
[Black "Schoenberger, Peter"]
[Result "1-0"]
[WhiteElo "2425"]
[BlackElo "2080"]

1.Nf3 Nf6 2.c4 g6 3.g3 Bg7 4.Bg2 O-O 5.d4 d6 6.O-O Nbd7 7.Nc3 e5 8.e4 h6
9.h3 Nh7 10.Be3 Ng5 11.Nxg5 hxg5 12.Rc1 c6 13.d5 c5 14.Nb5 Qe7 15.Qd2 f6
16.b4 b6 17.a3 Rf7 18.Rb1 Nf8 19.g4 Nh7 20.bxc5 bxc5 21.Qa5 Bf8 22.Rb3 a6
23.Nc3 Qa7 24.Rfb1 Rb7 25.Rxb7 Bxb7 26.Bf3 Bc8 27.Bd1 Bd7 28.Qb6 Be7 29.Ba4 Nf8
30.Bd2 Kf7 31.Bc6 Qxb6 32.Rxb6 Bd8 33.Rb7  1-0

[Event "NRW-Cup Masters op"]
[Site "Muenster"]
[Date "1997.??.??"]
[Round "6"]
[White "Konietzka, Lutz"]
[Black "Schoenberger, Peter"]
[Result "1/2-1/2"]
[WhiteElo "2150"]
[BlackElo "2080"]

1.Nf3 Nf6 2.g3 g6 3.Bg2 Bg7 4.c4 O-O 5.O-O d6 6.Nc3 e5 7.d4 exd4 8.Nxd4 Nbd7
9.e4 Re8 10.h3 Nc5 11.Re1 a5 12.b3 Nfd7 13.Be3 Ne5 14.Qc2 Ned3 15.Red1 Nb4
16.Qd2 Ne6 17.Nde2 Qe7 18.a3 Nc6 19.Nd5 Qd8 20.Rab1 Nc5 21.Nec3 Ne5 22.Nf4 Ne6
23.Nfe2 Nf8 24.f4 Nc6 25.Nd4 Nxd4 26.Bxd4 Ne6 27.Bxg7 Nxg7 28.c5 Be6 29.cxd6 cxd6
30.Qxd6 Qc8 31.Nd5 Bxd5 32.Qxd5 Nh5 33.Kh2 Rd8 34.Qxd8+ Qxd8 35.Rxd8+ Rxd8
36.Rb2 Rd3 37.e5 Nxg3 38.Bxb7 Nh5 39.b4 Nxf4 40.Bg2 Rxa3 41.b5 Nxg2 42.b6 Nf4
43.b7 Rxh3+ 44.Kg1 Rg3+ 45.Kf1 Rf3+ 46.Kg1 Rg3+  1/2-1/2

[Event "NRW-Cup Masters op"]
[Site "Muenster"]
[Date "1997.??.??"]
[Round "8"]
[White "Konietzka, Lutz"]
[Black "Shpilker, Boris"]
[Result "0-1"]
[WhiteElo "2150"]
[BlackElo "2380"]

1.Nf3 g6 2.c4 Bg7 3.g3 Nf6 4.Bg2 O-O 5.O-O c6 6.b3 d6 7.d4 Nbd7 8.Nc3 e5
9.e4 Re8 10.h3 a5 11.Re1 exd4 12.Nxd4 Nc5 13.Rb1 Nfd7 14.Be3 Ne5 15.f4 Ned3
16.Re2 f5 17.Rd2 fxe4 18.Nxe4 Nxe4 19.Bxe4 Rxe4 20.Rxd3 Bxh3 21.Nc2 Qe7 22.Bf2 Re8
23.Rxd6 Re2 24.Kh2 Bg4  0-1

[Event "Murcia op"]
[Site "Murcia"]
[Date "1997.??.??"]
[Round "6"]
[White "Miguel, Victor"]
[Black "Fernandez Montoro, J."]
[Result "1-0"]
[WhiteElo "2285"]
[BlackElo "2135"]

1.Nf3 Nf6 2.g3 g6 3.Bg2 Bg7 4.c4 O-O 5.O-O d6 6.Nc3 Nh5 7.d4 Nc6 8.d5 Na5
9.Qd3 c5 10.Nd2 a6 11.a3 b5 12.cxb5 axb5 13.b4 Nb7 14.Rb1 c4 15.Qc2 Bd7 16.Rd1 f5
17.e3 Qb6 18.Nf3 Rad8 19.Nd4 f4 20.a4 fxg3 21.hxg3 bxa4 22.Nxa4 Bxa4 23.Qxa4 c3
24.Qc6 Bxd4 25.Rxd4 Qa7 26.Qxc3 Qa2 27.Qb2 Qa4 28.Qb3 Qd7 29.Qd3 Rb8 30.Bb2 Nf6
31.Rh4 Ng4 32.Qd4 Nf6 33.Bh3 Qb5 34.Be6+ Kg7 35.Qf4 h5 36.g4 Qd3 37.Ra1 Nd8
38.g5 Nxe6 39.dxe6 Qb3 40.gxf6+ exf6 41.Ra7+ Kg8 42.Bxf6 Qd1+ 43.Kh2 Rfe8
44.Rg7+ Kf8 45.Be5+  1-0

[Event "Murcia op"]
[Site "Murcia"]
[Date "1997.??.??"]
[Round "8"]
[White "Miguel, Victor"]
[Black "Salgado Lopez, Oscar"]
[Result "1-0"]
[WhiteElo "2285"]
[BlackElo "2125"]

1.Nf3 Nf6 2.g3 g6 3.Bg2 Bg7 4.c4 O-O 5.O-O d6 6.Nc3 Nc6 7.d4 Bf5 8.d5 Na5
9.Nd2 c5 10.e4 Bg4 11.Qc2 Qc8 12.Re1 Bh3 13.Bh1 Ng4 14.Ne2 Nh6 15.Nf4 a6
16.Qa4 b6 17.Nxh3 Qxh3 18.Bg2 Qc8 19.Rb1 Qc7 20.Nf3 Ng4 21.Bd2 Ne5 22.Nxe5 Bxe5
23.Kh1 h5 24.h4 Bd4 25.Re2 Ra7 26.Kh2 Qd7 27.Qxd7 Rxd7 28.b3 Nb7 29.f4 b5
30.Bh3 Rc7 31.e5 b4 32.g4 hxg4 33.Bxg4 Kg7 34.Kg3 a5 35.Rbe1 f5 36.exf6+ Bxf6
37.Rh2 a4 38.bxa4 Ra8 39.Bd1 Na5 40.Bb3 Rh8 41.Kg4 Rh5 42.Re3 Bd4 43.Rf3 Rf5
44.Rd3 Rc8 45.a3 Nxb3 46.Rxb3 Bc3 47.Bxc3+ bxc3 48.Rxc3 Ra8 49.Re2 Rf7 50.Rce3 Kf6
51.Re6+ Kg7 52.Rxe7 Rxa4 53.Rxf7+ Kxf7 54.Re6 Rxa3 55.Rxd6 Re3 56.Rd7+  1-0

[Event "JUG-chT"]
[Site "Niksic"]
[Date "1997.??.??"]
[Round "3"]
[White "Vucicevic, Moma"]
[Black "Arsovic, Zoran"]
[Result "0-1"]
[WhiteElo "2360"]
[BlackElo "2425"]

1.c4 Nf6 2.g3 g6 3.Bg2 Bg7 4.Nf3 O-O 5.O-O d6 6.Nc3 c6 7.d4 Qa5 8.h3 Be6
9.Qd3 Qa6 10.b3 d5 11.Ne5 Rd8 12.cxd5 Nxd5 13.Qxa6 Nxa6 14.Bb2 Ndb4 15.Rad1 c5
16.e3 cxd4 17.exd4 Nd5 18.Ne4 Rac8 19.Rd2 Bh6 20.Re2 Rc7 21.h4 f6 22.Nc4 Bg4
23.f3 Bd7 24.f4 Bg4 25.Bf3 Bxf3 26.Rxf3 b6 27.a3 Rcd7 28.Ne3 Nac7 29.Ng4 Bg7
30.f5 Rf8 31.Nh2 gxf5 32.Rxf5 e6 33.Rf1 h5 34.Bc1 f5 35.Ng5 Bxd4+ 36.Kg2 Nc3
37.Rd2 Rfd8 38.Re1 e5 39.Nhf3 e4 40.Nxd4 Rxd4 41.Rf2 Rd1 42.Rxd1 Rxd1 43.Bb2 N3d5
44.Re2 Rd3 45.b4 Ne3+ 46.Kf2 Ncd5 47.Bc1 Ng4+ 48.Kg2 Rc3 49.Bb2 Nde3+ 50.Kg1 Rd3  0-1

[Event "JUG-chT"]
[Site "Niksic"]
[Date "1997.??.??"]
[Round "7"]
[White "Horvath, Jozsef"]
[Black "Ilincic, Zlatko"]
[Result "1-0"]
[WhiteElo "2525"]
[BlackElo "2545"]

1.Nf3 Nf6 2.c4 g6 3.g3 Bg7 4.Bg2 O-O 5.O-O Re8 6.d4 d6 7.Nc3 Nbd7 8.h3 e5
9.dxe5 dxe5 10.Be3 c6 11.Nd2 Nb6 12.b3 Qc7 13.Qc1 Nh5 14.Nde4 f5 15.c5 Nd7
16.Nd6 Re7 17.g4 fxg4 18.hxg4 Nf4 19.Bf3 b6 20.b4 bxc5 21.bxc5 Rb8 22.Rd1 Ne6
23.Nce4 a5 24.Rb1 Ba6 25.Rxb8+ Qxb8 26.Qa3 Qd8 27.Bg5 Nxg5 28.Nxg5 a4 29.Bxc6 Bxe2
30.Bd5+  1-0

[Event "JUG-chT"]
[Site "Niksic"]
[Date "1997.??.??"]
[Round "8"]
[White "Paunovic, Dragan"]
[Black "Zakic, Srdjan"]
[Result "1-0"]
[WhiteElo "2470"]
[BlackElo "2360"]

1.Nf3 Nf6 2.c4 g6 3.g3 Bg7 4.Bg2 O-O 5.O-O d6 6.d4 Nbd7 7.Qc2 e5 8.Rd1 Qe7
9.Nc3 c6 10.e4 exd4 11.Nxd4 Ne5 12.Qe2 a6 13.h3 Rb8 14.a4 Re8 15.b3 h5 16.Bg5 Qf8
17.Qc2 Nh7 18.Be3 Qe7 19.f4 Nd7 20.Bf2 Nc5 21.Re1 a5 22.Rad1 Qf8 23.Kh2 h4
24.gxh4 Nf6 25.Bf3 Bh6 26.Bg3 Qg7 27.Rg1 Qh8 28.f5 Be3 29.Bxd6 Bxg1+ 30.Rxg1 Nfxe4
31.Nxe4 Nxe4 32.Bxb8 Qxd4 33.fxg6 f6 34.Re1 Bf5 35.Bf4 Bxg6 36.Qg2 Kf7 37.Rd1 Qf2
38.Rd7+ Re7 39.Rxe7+ Kxe7 40.h5 Bh7 41.Bc7 Qxg2+ 42.Kxg2 Nc5 43.Bd1 Nd3 44.Bxa5 Nb2
45.Bg4 Bc2 46.h6 Kf7 47.Bc3 Nd3 48.b4 Kg6 49.Bc8 f5 50.a5  1-0

[Event "Nova Gorica op"]
[Site "Nova Gorica"]
[Date "1997.??.??"]
[Round "4"]
[White "Buturin, Vladimir"]
[Black "Armanda, Ivica"]
[Result "1-0"]
[WhiteElo "2465"]
[BlackElo "2255"]

1.g3 Nf6 2.Bg2 g6 3.c4 Bg7 4.Nf3 O-O 5.O-O Nc6 6.d4 d6 7.Nc3 Bf5 8.d5 Na5
9.Nd4 Bd7 10.b3 c5 11.dxc6 bxc6 12.e4 Rb8 13.h3 c5 14.Nde2 Nc6 15.Be3 Qc8
16.Kh2 Ne5 17.Qc1 Bc6 18.f4 Ned7 19.Qc2 Qb7 20.Nd5 Rfe8 21.Rad1 Kh8 22.Nec3 Ng8
23.Rd2 e6 24.Bg1 Bxd5 25.exd5 e5 26.Ne4 Qc7 27.f5 Ndf6 28.Be3 Nxe4 29.Bxe4 Nf6
30.Rdf2 Rf8 31.g4 a5 32.Bg2 Kg8 33.g5 Nd7 34.f6 Bh8 35.Be4 a4 36.h4 axb3
37.axb3 Rfe8 38.Rb1 Rb7 39.Rf3 Ra8 40.Bc1 Qa5 41.Bb2 Rab8 42.Rbf1 Qd8 43.h5 Nf8
44.Kg3 gxh5 45.Rh1 Ng6 46.Rxh5 Qa5 47.Rh1 h5 48.Bxg6 h4+ 49.Kg4 Qa6 50.Rxh4  1-0

[Event "Nova Gorica op"]
[Site "Nova Gorica"]
[Date "1997.??.??"]
[Round "6"]
[White "Komljenovic, Davor"]
[Black "Armanda, Ivica"]
[Result "0-1"]
[WhiteElo "2460"]
[BlackElo "2255"]

1.c4 Nf6 2.Nf3 g6 3.g3 Bg7 4.Bg2 O-O 5.d4 d6 6.Nc3 Nc6 7.O-O Bf5 8.b3 e5
9.Bb2 Nxd4 10.Nxd4 exd4 11.Qxd4 Ne4 12.Qe3 Nxc3 13.Bxc3 Re8 14.Qd2 Bxc3 15.Qxc3 Be4
16.f3 Bc6 17.e4 Qe7 18.Rad1 a5 19.h4 Qe5 20.Qxe5 dxe5 21.Kf2 Kf8 22.Ke3 Rad8
23.h5 Ke7 24.h6 f5 25.exf5 gxf5 26.Bh3 Kf6 27.Kf2 Kg5 28.Rfe1 Rxd1 29.Rxd1 Re6
30.Rd8 Rxh6 31.Rg8+ Kf6 32.Bg2 Rg6 33.Rc8 Rg7 34.Bh3 Rf7 35.c5 e4 36.f4 a4
37.b4 Rd7 38.Ke1 Rd3 39.Bf1 Re3+ 40.Kd2 Rxg3 41.Bc4 Rg2+ 42.Kc3 e3 43.Rxc7 Be4
44.Rf7+ Kg6 45.Rf8 Rc2+ 46.Kd4 Rxc4+ 47.Kxc4 Kg7  0-1

[Event "CZE-ch op"]
[Site "Nymburk"]
[Date "1997.??.??"]
[Round "?"]
[White "Konopka, Michal"]
[Black "Rehak, Martin"]
[Result "1-0"]
[WhiteElo "2415"]
[BlackElo "2230"]

1.Nf3 Nf6 2.c4 g6 3.g3 Bg7 4.Bg2 O-O 5.d4 d6 6.Nc3 Nc6 7.O-O a6 8.b3 Rb8
9.Nd5 Nh5 10.Bb2 b5 11.Ne3 Bb7 12.Rc1 e5 13.dxe5 dxe5 14.cxb5 axb5 15.Rc5 e4
16.Bxg7 Nxg7 17.Ne5 Nd4 18.Nd5 f6 19.Nd7 Nge6 20.Nxf8 Nxc5 21.Nd7 Nxd7 22.Qxd4 f5
23.Rd1 c5 24.Qc3 Bxd5 25.Rxd5 Qc7 26.f3 exf3 27.Bxf3 Rc8 28.Rd2 Nb6 29.Qf6 c4
30.bxc4 bxc4 31.Rd6 c3 32.Rxb6 Qc5+ 33.Kg2 c2 34.Rb7 Rc7 35.Rxc7 c1=Q 36.Qg7+  1-0

[Event "Portoroz op"]
[Site "Portoroz"]
[Date "1997.??.??"]
[Round "?"]
[White "Rotstein, Arkadij"]
[Black "Kozul, Zdenko"]
[Result "1/2-1/2"]
[WhiteElo "2455"]
[BlackElo "2590"]

1.Nf3 Nf6 2.c4 g6 3.g3 Bg7 4.Bg2 O-O 5.O-O c6 6.d4 d6 7.Nc3 Qa5 8.e4 Bg4
9.h3 Bxf3 10.Bxf3 Nfd7 11.Be3 a6 12.Qe2 c5 13.dxc5 dxc5 14.Rfd1 Ne5 15.Nd5 e6
16.Bd2 Qd8 17.Ne3 Nbc6 18.Bc3 Nd4 19.Bxd4 cxd4 20.Ng4 d3 21.Qe3 Nxc4 22.Qxd3 Qxd3
23.Rxd3 h5 24.Nh2 Nxb2 25.Rb3 Na4 26.e5 Nc5 27.Re3 Rad8 28.g4 hxg4 29.Nxg4 b5
30.Rc1 Nd3 31.Rc7 Nf4 32.Kh2 Rd3 33.Be4 Rd2 34.a3 a5 35.Ra7 a4 36.Rb7 Nd5
37.Rd3 Rxd3 38.Bxd3 Ra8 39.Bxb5 Bf8 40.Bc6 Nf4 41.Rxf7 Kxf7 42.Bxa8 Nd3 43.Bc6 Nb2
44.Nf6 Bxa3 45.Be8+ Kf8 46.Bxg6 Be7 47.Nd7+ Kg7 48.Bc2 Kf7 49.f4 a3 50.Bb3 Nd3
51.f5 Ke8 52.fxe6 Nc1 53.Bc4 a2 54.Bxa2 Nxa2 55.Nf6+ Kf8 56.Kg3 Nb4 57.Kg4 Nc6
58.Kf5 Nd4+ 59.Kg6 Nf3 60.Nd7+ Ke8 61.Kg7 Bh4 62.Kg6 Ke7 63.Kf5 Nd4+ 64.Ke4 Nxe6
65.Nf6 Kf7 66.Nd5 Bg3 67.Kf5  1/2-1/2

[Event "Portoroz op"]
[Site "Portoroz"]
[Date "1997.??.??"]
[Round "?"]
[White "Delchev, Aleksander"]
[Black "Fercec, Nenad"]
[Result "1-0"]
[WhiteElo "2515"]
[BlackElo "2430"]

1.Nf3 Nf6 2.c4 g6 3.g3 Bg7 4.Bg2 O-O 5.O-O d6 6.Nc3 e5 7.d3 Nc6 8.Rb1 Ne8
9.b4 f5 10.b5 Ne7 11.c5 h6 12.cxd6 cxd6 13.Qb3+ Kh7 14.Ba3 Rb8 15.Nd2 Rf6
16.b6 a6 17.Nd5 Nxd5 18.Bxd5 h5 19.Rbc1 Bh6 20.e3 h4 21.Rc4 hxg3 22.hxg3 f4
23.exf4 exf4 24.Ne4 fxg3 25.Nxf6+ Qxf6 26.Bg8+  1-0

[Event "SVK-ch"]
[Site "Presov"]
[Date "1997.??.??"]
[Round "9"]
[White "Ianov, Viktor"]
[Black "Mrva, Martin"]
[Result "0-1"]
[WhiteElo "2310"]
[BlackElo "2410"]

1.Nf3 g6 2.g3 Bg7 3.c4 Nf6 4.Bg2 O-O 5.O-O d6 6.Nc3 Bg4 7.h3 Bxf3 8.Bxf3 Nc6
9.d3 Nd7 10.Bg2 a5 11.Rb1 Qb8 12.Bg5 e6 13.Be3 Nd4 14.Bd2 c6 15.g4 e5 16.e3 Ne6
17.Kh1 Ndc5 18.Qe2 f5 19.gxf5 Rxf5 20.Ne4 Nxe4 21.dxe4 Rf6 22.f4 Qc7 23.Bc3 Raf8
24.Rbd1 Nc5 25.b3 b6 26.Kg1 Re6 27.f5 Ref6 28.Qg4 Bh6 29.Rf3 Kh8 30.Qh4 Bg7
31.fxg6 Rxg6 32.Rf5 Rg8 33.Rd2 Bh6 34.Kf1 Bg5 35.Qh5 Qg7 36.Rxd6 Rxd6 37.Rxg5 Qxg5
38.Bxe5+ Rf6+ 39.Bxf6+ Qxf6+  0-1